000 00765nam a2200241Ia 4500
003 GCL
008 140319s9999 xx 000 0 ara d
020 _a422502977
040 _aGCL /
_cGCL
082 0 4 _a822.008
_bم ه
100 1 _aمحمد فتحى
245 1 0 _aهنرى السادس /
_cمحمد فتحى
700 1 _aمحمد عوض محمد (مراجع)
700 1 _aمصطفى حبيب
250 _aالثالثة
260 _aالقاهرة :
_bدار المعارف
300 _a388 ص ؛
_c19 سم
490 _aمسرحيات شكسبير
_v0
650 0 4 _aالادب الانجليزى المترجم
650 0 4 _aشكسبير، ويليام
650 0 4 _aالمسرحية الانجليزية المترجمة
942 _2ddc
_cBK
999 _c42125
_d42125